Del comers antich y modern de Tarragona (Record no. 123624)

MARC details
000 -LEADER
campo de control de longitud fija 00829nam a2200205 i 4500
001 - NÚMERO DE CONTROL
campo de control 123624
003 - IDENTIFICADOR DE NÚMERO DE CONTROL
campo de control ES-MaACL
005 - FECHA Y HORA DE LA ÚLTIMA TRANSACCIÓN
campo de control 20250907063106.0
007 - CAMPO FIJO DE DESCRIPCIÓN FÍSICA--INFORMACIÓN GENERAL
campo de control de longitud fija t|
008 - DATOS DE LONGITUD FIJA--INFORMACIÓN GENERAL
campo de control de longitud fija 070214s1911 sp r ||||1| spa d
100 1# - ENTRADA PRINCIPAL--NOMBRE DE PERSONA
Nombre de persona Rahola y Trémols, Federico,
Fechas asociadas al nombre 1858-1919
9 (RLIN) 95016
245 10 - MENCIÓN DEL TÍTULO
Título Del comers antich y modern de Tarragona
Resto del título : estudi premiat en el Certamen Históich Literari celebrat a Tarragona per commemorar el seti del any 1811 /
Mención de responsabilidad, etc. Frederich Rahola.
260 ## - PUBLICACIÓN, DISTRIBUCIÓN, ETC.
Lugar de publicación, distribución, etc. Barcelona :
Nombre del editor, distribuidor, etc. Ilustració Catalana,
Fecha de publicación, distribución, etc. 1911.
300 ## - DESCRIPCIÓN FÍSICA
Extensión 102 p. ;
Dimensiones 17 cm.
530 ## - NOTA DISPONIBLE DE FORMULARIO FÍSICO ADICIONAL
Nota de formato físico adicional disponible Disponible en formato digital.
651 #4 - PUNTO DE ACCESO ADICIONAL DE MATERIA--NOMBRE GEOGRÁFICO
Nombre geográfico Tarragona-
Subdivisión general Comercio exterior-
Subdivisión de forma Historia.
9 (RLIN) 159341
852 ## - LOCALIZACIÓN
Ubicación ES-MaACL
Número de control de estantería T-1335-F-8
856 ## - LOCALIZACIÓN Y ACCESO ELECTRÓNICOS
Identificador Uniforme de Recursos <a href="http://bdh-rd.bne.es/viewer.vm?id=0000110319&page=1 ">http://bdh-rd.bne.es/viewer.vm?id=0000110319&page=1 </a>
Nota pública Biblioteca Digital Hispánica
Holdings
Estatus retirado Estado de pérdida Estado de daño No para préstamo Colección Biblioteca de origen Biblioteca actual Ubicación en estantería Fecha de adquisición Fuente de adquisición Total de préstamos Signatura topográfica completa Código de barras Visto por última vez Precio de reemplazo Tipo de ítem Koha
        Colección de folletos Biblioteca del Ateneo de Madrid Biblioteca del Ateneo de Madrid Depósito folletos 17/01/2008     T-1335-F-8 1128801 23/02/2023 23/02/2023 Folleto